Radiohead - Pablo Honey (Tracks) - Statistics

General Stats
  • This quiz has been taken 15 times
  • The average score is 8 of 12
Answer Stats
Track Number Track Name % Correct
2 Creep
100%
1 You
100%
6 Anyone Can Play Guitar
85%
12 Blow Out
77%
4 Stop Whispering
69%
5 Thinking About You
69%
8 Vegetable
69%
3 How Do You?
62%
11 Lurgee
62%
10 I Can't
54%
7 Ripcord
54%
9 Prove Yourself
31%
No matching quizzes found
Score Distribution
Percent of People with Each Score
Percentile by Number Answered
Your Score History
You have not taken this quiz